000 01229 a2200277 4500
003 Nust
005 20170207153124.0
010 _a 2003270846
020 _a0766846822
035 _a(OCoLC)ocm48956950
040 _cNust
082 0 0 _a005.133
100 1 _aJamsa, Kris A.
245 1 0 _aJamsa's C/C++/CĠprogrammer's bible :
_bthe ultimate guide to C/C++/CĠprogramming /
_cKris Jamsa.
246 3 0 _aC/C++/CĠprogrammer's bible
250 _a2nd ed.
260 _a[Las Vegas, NV] :
_bOnword Press,
_cc2002.
300 _axvi, 1199 p. :
_bill. ;
_c26 cm. +
_e1 CD-ROM (4 3/4 in.)
500 _aIncludes index.
505 _aDOS And BIOS Services (Page-9), Memory Management (Page-52),Date And Time (Page-103), Programming Tools (Page-201), Advanced C (Page-315), Getting Started With C++ (Page-400), Objects (Page-488), Common Class Functions (Page-552), Dialog Boxes (Page-701), Windows Memory Management (Page-911), Processes And Threads (Page-1004), Bitmaps, Metafiles And Icons (Page-1431), Windows I/O (Page-1450).
538 _aAlmirah No.5 Shelf No.6
650 0 _aC (Computer program language)
650 0 _aC++ (Computer program language)
650 0 _aCĠ(Computer program language)
700 1 _aJamsa, Kris A.
942 _2ddc
_cBK
999 _c179401
_d179401